City of glass

Đã lưu trong:
書目詳細資料
主要作者: Douglas Coupland
格式: 圖書
語言:Undetermined
出版: Canada Douglas & Mcintyre 2000
主題:
標簽: 添加標簽
沒有標簽, 成為第一個標記此記錄!
Thư viện lưu trữ: Trung tâm Học liệu Trường Đại học Cần Thơ
LEADER 00449nam a2200169Ia 4500
001 CTU_56114
008 210402s9999 xx 000 0 und d
082 |a 971.13304 
082 |b C857 
100 |a Douglas Coupland 
245 0 |a City of glass 
245 0 |c Douglas Coupland 
260 |a Canada 
260 |b Douglas & Mcintyre 
260 |c 2000 
650 |a British Columbia - History 
980 |a Trung tâm Học liệu Trường Đại học Cần Thơ